000
003150000a22001450004500
001
005202
003
MACL
040
_a
MACL
090
_c
17195
_d
17194
245
_a
Khazeena e Naat
_b
Fazal Uddin
260
_a
Nawal Kishore Press Lahore,
_c
1906
350
_a
0.50
650
_a
Urdu Literature
942
_k
891
_c
Book
999
_c
17085
_d
17085